[Event "FIDE Grand Swiss (Women)"]
[Site "Douglas"]
[Date "2023.10.25"]
[Round "1"]
[White "Mkrtchyan, Mariam"]
[Black "Ushenina, Anna"]
[Result "1/2-1/2"]
[WhiteElo "2343"]
[BlackElo "2434"]
[PlyCount "72"]
[EventDate "2023.10.25"]
[EventType "swiss"]
[EventRounds "11"]
[EventCountry "IOM"]
[SourceTitle "Mega2024 Update 01"]
[Source "Chessbase"]
[SourceDate "2023.11.12"]
[SourceVersion "1"]
[SourceVersionDate "2023.11.12"]
[SourceQuality "1"]

1. d4 d5 2. c4 e6 3. Nf3 Nf6 4. g3 Be7 5. Bg2 0-0 6. 0-0 dxc4 7. Qc2 b5 8. a4 Bb7 9. axb5 a6 10. bxa6 Nxa6 11. Qxc4 Bd5 12. Qc2 Nb4 13. Rxa8 Nxc2 14. Rxd8 Rxd8 15. Bf4 Rb8 16. Bxc7 Rxb2 17. Nc3 Bxf3 18. Bxf3 Nxd4 19. Rb1 Rxb1+ 20. Nxb1 Nxf3+ 21. exf3 Bb4 22. Bf4 Nd5 23. Bd2 Bc5 24. Nc3 Nxc3 25. Bxc3 g6 26. Kf1 Kf8 27. f4 Ke7 28. Be5 Kd7 29. Ke2 Kc6 30. Kf3 Kd5 31. Bf6 Bd4 32. Bd8 f5 33. h3 Kc4 34. Ke2 Bc5 35. Bf6 Kd5 36. Kf3 Kc4 1/2-1/2

[Event "Tata Steel India blitz (Women)"]
[Site "Kolkata"]
[Date "2023.09.04"]
[Round "18"]
[White "Ushenina, Anna"]
[Black "Ju, Wenjun"]
[Result "0-1"]
[WhiteElo "2434"]
[BlackElo "2568"]
[PlyCount "148"]
[EventDate "2023.09.03"]
[EventType "tourn (blitz)"]
[EventRounds "18"]
[EventCountry "IND"]
[EventCategory "9"]
[SourceTitle "EXT 2024"]
[Source "ChessBase"]
[SourceDate "2023.10.10"]
[SourceVersion "1"]
[SourceVersionDate "2023.10.10"]
[SourceQuality "1"]

1. Nf3 d5 2. c4 e6 3. g3 Nf6 4. Bg2 dxc4 5. Qa4+ Bd7 6. Qxc4 c5 7. a4 Bc6 8. 0-0 Be7 9. d3 0-0 10. Nbd2 Nbd7 11. Qb3 Qc7 12. Nc4 e5 13. e4 Rfe8 14. h3 h6 15. Be3 b6 16. Rfc1 Bf8 17. Qc3 Rad8 18. a5 Rc8 19. axb6 axb6 20. Nh4 b5 21. Na5 Ba8 22. Nf5 Kh7 23. Qd2 Nb6 24. g4 Rcd8 25. Qc2 g6 26. Ng3 Rc8 27. g5 hxg5 28. Bxg5 Bg7 29. h4 Qd7 30. Qe2 Qg4 31. Bf3 Qh3 32. Bg2 Qg4 33. Qe3 Nbd7 34. Bf3 Qe6 35. Kg2 c4 36. dxc4 bxc4 37. Rh1 Kg8 38. h5 Nh7 39. hxg6 fxg6 40. Bh6 Bf6 41. Rh2 Nc5 42. Rc1 Nd3 43. Rxc4 Rxc4 44. Qxd3 Rcc8 45. b3 Rcd8 46. Qe3 Qe7 47. Nc4 Bg5 48. Qb6 Qf6 49. Qa7 Bxh6 50. Rxh6 Re7 51. Qa5 Rf8 52. Nd2 Ng5 53. Qc3 Nxf3 54. Nxf3 Ref7 55. Nf5 Rh7 56. Rxh7 Kxh7 57. Qc7+ Kh8 58. N5h4 Qg7 59. Qd6 Bxe4 60. Kg3 Bxf3 61. Nxf3 e4 62. Ne5 Rf6 63. Qd8+ Kh7 64. Qd2 Rf5 65. Ng4 Rh5 66. Qd6 Rf5 67. Qc6 Qf7 68. Qxe4 Qxb3+ 69. Ne3 Rf7 70. Qh4+ Kg7 71. Qd4+ Kg8 72. Qd8+ Rf8 73. Qd6 Qf7 74. Qd2 Qf3+ 0-1

[Event "Tata Steel India blitz (Women)"]
[Site "Kolkata"]
[Date "2023.09.03"]
[Round "9"]
[White "Ju, Wenjun"]
[Black "Ushenina, Anna"]
[Result "1-0"]
[WhiteElo "2568"]
[BlackElo "2434"]
[PlyCount "77"]
[EventDate "2023.09.03"]
[EventType "tourn (blitz)"]
[EventRounds "18"]
[EventCountry "IND"]
[EventCategory "9"]
[SourceTitle "EXT 2024"]
[Source "ChessBase"]
[SourceDate "2023.10.10"]
[SourceVersion "1"]
[SourceVersionDate "2023.10.10"]
[SourceQuality "1"]

1. d4 d5 2. c4 e6 3. Nf3 Nf6 4. g3 Be7 5. Bg2 0-0 6. 0-0 Nbd7 7. Nbd2 c5 8. cxd5 Nxd5 9. e4 Nb4 10. Nb3 cxd4 11. Nbxd4 Nc5 12. a3 Nbd3 13. b4 Nxc1 14. bxc5 e5 15. Rxc1 exd4 16. Nxd4 Qa5 17. Qf3 Bf6 18. Rfd1 Bd7 19. e5 Bxe5 20. Qxb7 Bxd4 21. Rxd4 Qxa3 22. Rdd1 Bg4 23. Re1 Rab8 24. Qe4 Rb4 25. Qe5 Be6 26. Ra1 Qb2 27. Qxb2 Rxb2 28. Rxa7 Rc2 29. c6 h6 30. h4 Rc8 31. Rb1 Rc5 32. Rbb7 Rc1+ 33. Kh2 Rc2 34. c7 Rxf2 35. Rb8 Kh7 36. Rxc8 Bxc8 37. Kg1 Rc2 38. Be4+ f5 39. Bxc2 1-0

[Event "Tata Steel India blitz (Women)"]
[Site "Kolkata"]
[Date "2023.09.03"]
[Round "6"]
[White "Savitha Shri, B."]
[Black "Ushenina, Anna"]
[Result "1-0"]
[WhiteElo "2375"]
[BlackElo "2434"]
[PlyCount "97"]
[EventDate "2023.09.03"]
[EventType "tourn (blitz)"]
[EventRounds "18"]
[EventCountry "IND"]
[EventCategory "9"]
[SourceTitle "EXT 2024"]
[Source "ChessBase"]
[SourceDate "2023.10.10"]
[SourceVersion "1"]
[SourceVersionDate "2023.10.10"]
[SourceQuality "1"]

1. e4 c5 2. Nf3 e6 3. Nc3 Nc6 4. h3 Qc7 5. d4 cxd4 6. Nb5 Qb8 7. Nbxd4 d6 8. c4 Bd7 9. Bd3 Nf6 10. 0-0 Ne5 11. Nxe5 dxe5 12. Nb3 Be7 13. Qe2 0-0 14. Bd2 Qc7 15. Bc3 b6 16. Rad1 Bc6 17. Kh1 Rac8 18. f4 Nd7 19. Qg4 Bf6 20. f5 exf5 21. Rxf5 Kh8 22. Rdf1 Rcd8 23. Bc2 Bb7 24. Qe2 Rc8 25. Bd3 Ba6 26. Nd2 Nc5 27. b3 Nxd3 28. Qxd3 b5 29. cxb5 Rfd8 30. Qc4 Bxb5 31. Qxb5 Qxc3 32. Nc4 Qd3 33. Qb7 Rb8 34. Qxf7 Qxe4 35. Rxf6 gxf6 36. Qxf6+ Kg8 37. Qe6+ Kh8 38. Qf6+ Kg8 39. Qe6+ Kh8 40. Nd6 Qg6 41. Nf7+ Kg8 42. Nxd8+ Qxe6 43. Nxe6 Rc8 44. Re1 Kf7 45. Rxe5 Kf6 46. Re2 Re8 47. Nd4 Rd8 48. Nf3 Rd1+ 49. Kh2 1-0